Представление документа в формате MARC21

Поле Инд. ПП Название Значение
Тип записи a
Библиографический уровень b
001 Контрольный номер RU/IS/BASE/289318936
005 Дата корректировки 20220217135745.8
008 Кодируемые данные 20090302
040 b Код языка каталог. rus
e Правила каталог. PSBO
041 0_ a Код языка текста rus
084 a Индекс другой классификации/Индекс ББК 83.3(2=411.2)5
100 1_ a Автор Путилина С. В.
245 10 a Заглавие В. И. Даль как литератор: к постановке проблемы
504 a Библиография Библиогр. - Примеч.: с. 29
600 14 a Персоналии Даль Владимир Иванович
650 04 a Основная рубрика история литературы
a Основная рубрика литературоведение
a Основная рубрика филологические науки
653 0_ a Ключевые слова XIX век
a Ключевые слова проза
a Ключевые слова Россия
a Ключевые слова русская литература
773 08 t Заглавие источника Вестник Московского университета. Серия 9, Филология
d Дата издания источника 2008
g Прочая информация № 1. - С. 21 - 29
w Контрольный № источника RU/IS/BASE/286474501
901 t Тип документа b